[Event "4NCL Online Division 7"]
[Site "online"]
[Date "2021.02.09"]
[EventDate "2021.02.09"]
[Round "2.102"]
[White "Rollinson, David"]
[WhiteElo "1608"]
[WhiteTeam "The Hemel's Gambit"]
[Black "McKeon, John"]
[BlackElo "1585"]
[BlackTeam "MK Phoenix 4"]
[Result "1/2-1/2"]
[PlyCount "47"]

1. d4 d5 2. Nf3 Nf6 3. c4 c6 4. Nc3 dxc4 5. Bg5 Bf5 6. e3 e6 7. Bxc4 Nbd7 8. O-O Qb6 9. b3 h6 10. Bf4 Be7 11. Ne5 O-O 12. Nxd7 Nxd7 13. e4 Bg6 14. e5 Rad8 15. Be3 Qc7 16. Qg4 Kh7 17. Ne2 b5 18. Bxe6 fxe6 19. Qxe6 Rde8 20. Qg4 Bf5 21. Qh5 Bg6 22. Qg4 Bf5 23. Qh5 Bg6 24. Qg4 1/2-1/2

[Event "4NCL Online Division 7"]
[Site "online"]
[Date "2021.02.09"]
[EventDate "2021.02.09"]
[Round "2.103"]
[White "Cox, Lucian"]
[WhiteElo "1469"]
[WhiteTeam "MK Phoenix 4"]
[Black "Cooper, John L"]
[BlackElo "1327"]
[BlackTeam "The Hemel's Gambit"]
[Result "0-1"]
[PlyCount "82"]

1. e4 c5 2. d4 e6 3. Nf3 Nc6 4. d5 exd5 5. exd5 Nd4 6. Nxd4 cxd4 7. Qxd4 d6 8. Nc3 a6 9. Bd3 Nf6 10. O-O Be7 11. Re1 O-O 12. Bf4 Re8 13. Rad1 Bg4 14. Rd2 Bf8 15. Be2 Bf5 16. Kf1 Ne4 17. Nxe4 Rxe4 18. Qc3 Rxf4 19. g3 Re4 20. Bd3 Rxe1+ 21. Kxe1 Bxd3 22. Qxd3 Qd7 23. c4 Be7 24. b3 Re8 25. Re2 Bf6 26. Qe3 Rxe3 27. Rxe3 Kf8 28. f4 Bd4 29. Re4 Bc3+ 30. Kd1 Bb4 31. Rd4 Qg4+ 32. Kc2 Qe2+ 33. Kb1 Qe1+ 34. Kc2 Qf2+ 35. Kb1 Qxd4 36. Kc1 Ba3+ 37. Kc2 Qb2+ 38. Kd3 Qxa2 39. Kd4 Qxb3 40. Ke4 Qc2+ 41. Kd4 Bc5# 0-1

[Event "4NCL Online Division 7"]
[Site "online"]
[Date "2021.02.09"]
[EventDate "2021.02.09"]
[Round "2.104"]
[White "Shergill, Ranjit"]
[WhiteElo "1045"]
[WhiteTeam "The Hemel's Gambit"]
[Black "Phillips, David"]
[BlackElo "1410"]
[BlackTeam "MK Phoenix 4"]
[Result "0-1"]
[PlyCount "140"]

1. e4 d5 2. e5 Nc6 3. Nf3 g6 4. g3 Bg7 5. d4 e6 6. Bg2 f6 7. exf6 Nxf6 8. O-O Bd7 9. Ne5 Qe7 10. Nxd7 Nxd7 11. c3 O-O-O 12. a4 Rhf8 13. Be3 Nb6 14. b3 e5 15. a5 Na8 16. dxe5 Bxe5 17. Bxd5 a6 18. Ra2 Qf6 19. Bc5 Ne7 20. Qg4+ Kb8 21. Be4 Rf7 22. Qe2 Bxc3 23. Rd1 Bd4 24. Bxd4 Rxd4 25. Rxd4 Qxd4 26. Rd2 Qc5 27. Qc4 Qxc4 28. bxc4 Kc8 29. Rb2 c6 30. h4 Nc7 31. Kg2 Ne6 32. Rd2 Nc5 33. Bc2 Kc7 34. Nc3 Nc8 35. Ne4 Nxe4 36. Bxe4 Nd6 37. Bd3 Rd7 38. Be2 Re7 39. Kf3 Nf7 40. Kg2 Re5 41. Ra2 Nd6 42. Kf3 Rc5 43. Bd3 Nxc4 44. Bxc4 Rxc4 45. Re2 Kd7 46. Re4 Rxe4 47. Kxe4 Kd6 48. Kd4 c5+ 49. Kc3 Kd5 50. f3 Kc6 51. f4 b5 52. g4 Kd5 53. h5 gxh5 54. gxh5 Ke4 55. f5 Kxf5 56. Kb3 Kg5 57. h6 Kxh6 58. Kc3 Kg6 59. Kb3 h5 60. Kc3 Kf6 61. Kb3 Ke5 62. Kc3 h4 63. Kb3 h3 64. Kc2 h2 65. Kd1 h1=Q+ 66. Ke2 c4 67. Kf2 c3 68. Kg3 c2 69. Kg4 c1=Q 70. Kg3 Qf4# 0-1

[Event "4NCL Online Division 7"]
[Site "online"]
[Date "2021.02.09"]
[EventDate "2021.02.09"]
[Round "2.111"]
[White "Foreman, Anthony"]
[WhiteElo "1475"]
[WhiteTeam "Catford Cosmonauts 4"]
[Black "Mellor, Jessica"]
[BlackElo "1809"]
[BlackTeam "Guildford Castles 2"]
[Result "0-1"]
[PlyCount "140"]

1. b3 e5 2. Bb2 Nc6 3. e3 d5 4. Bb5 Bd6 5. Ne2 Ne7 6. O-O O-O 7. Ng3 Ng6 8. Nc3 a6 9. Be2 Be6 10. d3 f5 11. Bh5 Qg5 12. Bxg6 Qxg6 13. Qh5 Qxh5 14. Nxh5 f4 15. exf4 exf4 16. Ne2 Bg4 17. Nxg7 Bxe2 18. Rfe1 Bg4 19. f3 Bd7 20. Nh5 Bc5+ 21. Kf1 Bd4 22. c3 Bc5 23. d4 Bd6 24. Kf2 Be8 25. g4 fxg3+ 26. Nxg3 Bxg3+ 27. Kxg3 Bg6 28. c4 dxc4 29. bxc4 Nb4 30. Rg1 Rf7 31. Rae1 Nd3 32. Re2 Nxb2 33. Rxb2 b6 34. Re2 Raf8 35. Re3 Rd8 36. d5 Rff8 37. Re7 Rf7 38. Re3 Kf8 39. Rge1 Rg7 40. Kf2 Re8 41. Rxe8+ Bxe8 42. Re5 Bg6 43. Ke3 Re7 44. Kd4 Rxe5 45. Kxe5 Ke7 46. f4 Be8 47. f5 c6 48. a3 b5 49. f6+ Kd7 50. dxc6+ Kxc6 51. cxb5+ Kxb5 52. Ke6 Ka4 53. Ke7 Bg6 54. f7 Bxf7 55. Kxf7 Kxa3 56. Kg7 Kb4 57. Kxh7 a5 58. h4 a4 59. h5 a3 60. Kg6 a2 61. h6 a1=Q 62. Kh7 Qf6 63. Kg8 Qxh6 64. Kf7 Kc5 65. Kg8 Qd6 66. Kh8 Qe7 67. Kg8 Kd6 68. Kh8 Ke6 69. Kg8 Kf6 70. Kh8 Qg7# 0-1

[Event "4NCL Online Division 7"]
[Site "online"]
[Date "2021.02.09"]
[EventDate "2021.02.09"]
[Round "2.112"]
[White "Jones, H Trevor"]
[WhiteElo "1814"]
[WhiteTeam "Guildford Castles 2"]
[Black "McGill, Brendan"]
[BlackElo "1440"]
[BlackTeam "Catford Cosmonauts 4"]
[Result "0-1"]
[PlyCount "134"]

1. c4 c5 2. Nc3 Nf6 3. g3 Nc6 4. Bg2 d6 5. d3 Bd7 6. Nf3 g6 7. a3 Bg7 8. O-O Qc8 9. Ng5 h6 10. Nge4 Bh3 11. Nxf6+ Bxf6 12. Nd5 Bg7 13. Bxh3 Qxh3 14. Nc7+ Kd7 15. Nxa8 Rxa8 16. Rb1 h5 17. e3 Ne5 18. f3 h4 19. gxh4 Rh8 20. Qe2 Rxh4 21. Qg2 Qe6 22. Rd1 Rh3 23. Rf1 Nxd3 24. Qg4 Qxg4+ 25. fxg4 Nxc1 26. Rbxc1 Be5 27. b4 cxb4 28. axb4 Rxh2 29. Rxf7 Ke8 30. Rf2 Rh3 31. Ra2 a6 32. c5 Rxe3 33. c6 bxc6 34. Rc4 c5 35. Rxa6 cxb4 36. Rxb4 g5 37. Kf2 Bf4 38. Rb8+ Kf7 39. Rb7 Re6 40. Ra3 d5 41. Rd3 Rd6 42. Rb5 e6 43. Rb7+ Kf6 44. Rdb3 e5 45. R7b6 e4 46. Rxd6+ Bxd6 47. Ke3 Bc5+ 48. Ke2 Ke5 49. Rb5 Kd4 50. Rb7 Bd6 51. Rg7 Bf4 52. Rg8 e3 53. Rc8 Ke4 54. Re8+ Be5 55. Rf8 d4 56. Rf5 d3+ 57. Kd1 e2+ 58. Kd2 Bf4+ 59. Ke1 Kf3 60. Rxf4+ Kxf4 61. Kf2 Kxg4 62. Ke1 Kf3 63. Kd2 Kf2 64. Kc3 e1=Q+ 65. Kb2 d2 66. Ka2 d1=Q 67. Kb2 Qb4+ 0-1

[Event "4NCL Online Division 7"]
[Site "online"]
[Date "2021.02.09"]
[EventDate "2021.02.09"]
[Round "2.113"]
[White "Marchettini, Cristiano"]
[WhiteElo "1465"]
[WhiteTeam "Catford Cosmonauts 4"]
[Black "Driver, Nicholas P"]
[BlackElo "1750"]
[BlackTeam "Guildford Castles 2"]
[Result "1-0"]
[PlyCount "99"]

1. d4 Nf6 2. Nc3 d6 3. Bf4 Nbd7 4. e3 c5 5. Nf3 a6 6. Be2 cxd4 7. exd4 e6 8. O-O Be7 9. Re1 O-O 10. h3 b5 11. a4 b4 12. Na2 Nd5 13. Bg3 Bb7 14. c4 bxc3 15. bxc3 N5f6 16. Bd3 Re8 17. Rb1 Qc8 18. c4 a5 19. Nc3 Qc6 20. Nb5 Rad8 21. d5 exd5 22. Nfd4 Qc5 23. Nf5 dxc4 24. Nxe7+ Rxe7 25. Rxe7 cxd3 26. Qxd3 d5 27. Rbe1 Bc6 28. Nd6 Rf8 29. Qe3 d4 30. Qe2 Qd5 31. f3 d3 32. Qd2 Bxa4 33. Ne4 Bc2 34. Nxf6+ Nxf6 35. R7e5 Qd4+ 36. Kh2 a4 37. Ra5 h6 38. Rc1 Qb6 39. Bf2 Qb3 40. Bd4 Qc4 41. Bxf6 gxf6 42. Rh5 Qc7+ 43. Kh1 Qg3 44. Qxh6 Qg7 45. Qd2 Re8 46. Rxc2 dxc2 47. Qxc2 a3 48. Qa4 Re1+ 49. Kh2 Qg6 50. Qa8+ 1-0

[Event "4NCL Online Division 7"]
[Site "online"]
[Date "2021.02.09"]
[EventDate "2021.02.09"]
[Round "2.114"]
[White "Rapacci, Pascoe"]
[WhiteElo "1760"]
[WhiteTeam "Guildford Castles 2"]
[Black "Hart, Simon"]
[BlackElo "1250"]
[BlackTeam "Catford Cosmonauts 4"]
[Result "1-0"]
[PlyCount "37"]

1. e4 e6 2. d4 d5 3. Nd2 Nf6 4. e5 Nfd7 5. Bd3 Nc6 6. c3 f6 7. Qh5+ g6 8. Bxg6+ hxg6 9. Qxh8 fxe5 10. Ndf3 exd4 11. Bg5 Ne7 12. Nxd4 c5 13. Nxe6 Qb6 14. Nxf8 Nxf8 15. O-O-O Be6 16. Nf3 Nf5 17. Ne5 Bf7 18. Rhe1 Qd6 19. Nc4+ 1-0

[Event "4NCL Online Division 7"]
[Site "online"]
[Date "2021.02.09"]
[EventDate "2021.02.09"]
[Round "2.121"]
[White "O'Gorman, Alice"]
[WhiteElo "1916"]
[WhiteTeam "RCSI Team 1"]
[Black "Bentham, Sam"]
[BlackElo "1621"]
[BlackTeam "Oxford 5"]
[Result "0-1"]
[PlyCount "66"]

1. c4 Nf6 2. Nc3 g6 3. g3 Bg7 4. Bg2 O-O 5. e4 e5 6. Nge2 d6 7. O-O Be6 8. d3 c6 9. f4 Qd7 10. f5 gxf5 11. exf5 Bxf5 12. Bg5 Ne8 13. Qd2 Nc7 14. Rxf5 Qxf5 15. Rf1 Qe6 16. d4 Qxc4 17. Bf6 Nd7 18. Qg5 Nxf6 19. Rxf6 Ne6 20. Qf5 Nxd4 21. Nxd4 Qxd4+ 22. Kh1 d5 23. h4 Bxf6 24. Qxf6 Qg4 25. Kh2 Qg7 26. Qf5 e4 27. h5 Rae8 28. Qf4 e3 29. h6 Qe5 30. Qg4+ Kh8 31. Bf1 Rg8 32. Qh4 Rg5 33. Be2 Reg8 0-1

[Event "4NCL Online Division 7"]
[Site "online"]
[Date "2021.02.09"]
[EventDate "2021.02.09"]
[Round "2.122"]
[White "Henbest, Kevin B"]
[WhiteElo "1626"]
[WhiteTeam "Oxford 5"]
[Black "Singh, Mahendra"]
[BlackElo "1872"]
[BlackTeam "RCSI Team 1"]
[Result "1/2-1/2"]
[PlyCount "65"]

1. e4 c5 2. Nc3 Nc6 3. g3 g6 4. Bg2 Bg7 5. d3 e6 6. f4 Nge7 7. Nf3 O-O 8. O-O f5 9. Be3 b6 10. Qd2 d5 11. exd5 Nxd5 12. Nxd5 exd5 13. d4 Qd6 14. Qf2 c4 15. a3 Be6 16. c3 b5 17. Ne5 a5 18. Qf3 b4 19. Nxc4 dxc4 20. Qxc6 Qxc6 21. Bxc6 Rad8 22. Rfd1 Bd5 23. Bxd5+ Rxd5 24. axb4 axb4 25. cxb4 Rfd8 26. Rac1 Bxd4 27. Bxd4 Rxd4 28. Rxd4 Rxd4 29. Rc2 Kf7 30. Kf2 Ke6 31. Ke3 Re4+ 32. Kf3 Kd6 33. Rc3 1/2-1/2

[Event "4NCL Online Division 7"]
[Site "online"]
[Date "2021.02.09"]
[EventDate "2021.02.09"]
[Round "2.123"]
[White "Elhadi, Aymen"]
[WhiteElo "1853"]
[WhiteTeam "RCSI Team 1"]
[Black "Hertog, Alexander"]
[BlackElo "1577"]
[BlackTeam "Oxford 5"]
[Result "0-1"]
[PlyCount "100"]

1. e4 c6 2. d4 d5 3. e5 Bf5 4. Nf3 h6 5. Be2 e6 6. O-O Ne7 7. Nc3 Nd7 8. Re1 Ng6 9. Bd3 Bxd3 10. Qxd3 Nb6 11. a3 a5 12. b3 Be7 13. g3 O-O 14. Rb1 Nd7 15. Na4 b5 16. Nc3 Rb8 17. Na2 c5 18. c3 c4 19. bxc4 bxc4 20. Rxb8 Qxb8 21. Qc2 Qb3 22. Qb2 Rb8 23. Re2 Qd1+ 24. Re1 Qxf3 25. Qc2 Rb3 26. Re3 Qg4 27. Kg2 Bxa3 28. Bxa3 Rxa3 29. Nc1 Qg5 30. Qb2 Qe7 31. h4 Ra4 32. Rf3 Ngf8 33. Ne2 Qa3 34. Qb5 Qb3 35. Qc6 Ra1 36. Qd6 Qa3 37. Qc7 Qe7 38. Nf4 a4 39. Nh5 a3 40. Rf4 a2 41. Rg4 g6 42. Nf6+ Kh8 43. h5 Re1 44. hxg6 fxg6 45. Rh4 h5 46. g4 a1=Q 47. gxh5 Rg1+ 48. Kf3 Qd1+ 49. Kf4 g5+ 50. Ke3 Qd3# 0-1

[Event "4NCL Online Division 7"]
[Site "online"]
[Date "2021.02.09"]
[EventDate "2021.02.09"]
[Round "2.124"]
[White "Murawski, Jan"]
[WhiteElo "1529"]
[WhiteTeam "Oxford 5"]
[Black "Abdul Jalil, Ali"]
[BlackElo "1339"]
[BlackTeam "RCSI Team 1"]
[Result "1-0"]
[PlyCount "53"]

1. d4 e6 2. c4 d5 3. Nc3 Be7 4. Nf3 Nf6 5. Bg5 O-O 6. e3 Nbd7 7. c5 c6 8. b4 b6 9. Bd3 Re8 10. e4 dxe4 11. Nxe4 Nxe4 12. Bxe7 Qxe7 13. Bxe4 Bb7 14. O-O Nf6 15. Qb1 Nxe4 16. Qxe4 Rab8 17. Ne5 Kh8 18. Nxc6 Qc7 19. b5 Bxc6 20. Qxc6 Qxc6 21. bxc6 bxc5 22. dxc5 Rec8 23. Rab1 Kg8 24. Rxb8 Rxb8 25. c7 Rc8 26. Rd1 Kf8 27. Rd8+ 1-0

[Event "4NCL Online Division 7"]
[Site "online"]
[Date "2021.02.09"]
[EventDate "2021.02.09"]
[Round "2.131"]
[White "Perry, Marcus"]
[WhiteElo "1500"]
[WhiteTeam "Aberystwyth University 2"]
[Black "Evans, Christopher J"]
[BlackElo "1820"]
[BlackTeam "Oxford 4"]
[Result "1/2-1/2"]
[PlyCount "89"]

1. d4 e5 2. dxe5 Nc6 3. Nf3 Qe7 4. Nc3 Nxe5 5. Nxe5 Qxe5 6. g3 Nf6 7. Bf4 Qc5 8. Bg2 Be7 9. O-O O-O 10. Re1 d6 11. e4 Ng4 12. Re2 Bf6 13. Nd5 Bxb2 14. Rb1 Bd4 15. Be3 Nxe3 16. fxe3 Be5 17. Ne7+ Kh8 18. Nxc8 Rfxc8 19. Rxb7 Rcb8 20. Qb1 Rxb7 21. Qxb7 Re8 22. Qd5 Qa3 23. Qxf7 Rb8 24. Re1 Qc5 25. Re2 h6 26. Kf2 c6 27. Bh3 d5 28. Bf5 dxe4 29. Qg6 Kg8 30. Bxe4 Rf8+ 31. Kg2 Bf6 32. Rf2 Qxe3 33. Qh7+ Kf7 34. Rxf6+ Kxf6 35. Qg6+ Ke7 36. Qxg7+ Rf7 37. Qe5+ Kd8 38. Qb8+ Ke7 39. Qc7+ Kf8 40. Qb8+ Kg7 41. Qe5+ Kf8 42. Qd6+ Kg7 43. Qe5+ Kf8 44. Qd6+ Kg7 45. Qe5+ 1/2-1/2

[Event "4NCL Online Division 7"]
[Site "online"]
[Date "2021.02.09"]
[EventDate "2021.02.09"]
[Round "2.132"]
[White "Cole, Graham"]
[WhiteElo "1802"]
[WhiteTeam "Oxford 4"]
[Black "Fox, Harry"]
[BlackElo "1500"]
[BlackTeam "Aberystwyth University 2"]
[Result "1/2-1/2"]
[PlyCount "85"]

1. e4 e6 2. d4 d5 3. Nc3 c5 4. Nf3 Qb6 5. Bb5+ Bd7 6. Bxd7+ Nxd7 7. exd5 cxd4 8. Qxd4 Qxd4 9. Nxd4 exd5 10. Nxd5 O-O-O 11. Be3 Ngf6 12. Nxf6 Nxf6 13. f3 Bc5 14. O-O-O Rhe8 15. Bf2 b6 16. c3 Nd5 17. Rhe1 Nf4 18. g3 Bxd4 19. cxd4 Rxe1 20. Bxe1 Ne2+ 21. Kb1 Rxd4 22. Rxd4 Nxd4 23. Bc3 Nxf3 24. Bxg7 Nxh2 25. Kc2 Kd7 26. Kd3 Kd6 27. Ke4 Ke6 28. Bd4 f5+ 29. Kf4 Ng4 30. a4 Nf6 31. a5 bxa5 32. Bxa7 Nh5+ 33. Kf3 Ke5 34. b3 Nf6 35. Bb6 Nd5 36. Bxa5 Kd4 37. Bd2 h5 38. b4 Kc4 39. Be1 Kb5 40. Kg2 f4 41. gxf4 Nxf4+ 42. Kg3 Ng6 43. Kf3 1/2-1/2

[Event "4NCL Online Division 7"]
[Site "online"]
[Date "2021.02.09"]
[EventDate "2021.02.09"]
[Round "2.133"]
[White "Judge, Kieran"]
[WhiteElo "1300"]
[WhiteTeam "Aberystwyth University 2"]
[Black "Rogan, Killian"]
[BlackElo "1802"]
[BlackTeam "Oxford 4"]
[Result "1-0"]
[PlyCount "63"]

1. e4 c5 2. Nf3 d6 3. Bd3 Nc6 4. c3 Nf6 5. O-O g6 6. Bc2 Bg7 7. h3 O-O 8. d4 cxd4 9. cxd4 b6 10. Re1 Bb7 11. Nc3 Rc8 12. a3 Na5 13. Bf4 Nh5 14. Bh2 a6 15. Rc1 Nc4 16. Bb3 b5 17. Bxc4 Rxc4 18. b3 Rc6 19. Nd5 Rxc1 20. Qxc1 Nf6 21. Nxf6+ Bxf6 22. Qf4 Qd7 23. e5 dxe5 24. dxe5 Bg7 25. Qd4 Qd5 26. Qxd5 Bxd5 27. Nd4 Rc8 28. Bf4 Rc3 29. Rd1 Bxb3 30. Nxb3 Rxb3 31. Rd8+ Bf8 32. Bh6 1-0

[Event "4NCL Online Division 7"]
[Site "online"]
[Date "2021.02.09"]
[EventDate "2021.02.09"]
[Round "2.134"]
[White "Hameed, Asif"]
[WhiteElo "1773"]
[WhiteTeam "Oxford 4"]
[Black "Bourne, Patrick"]
[BlackElo "1000"]
[BlackTeam "Aberystwyth University 2"]
[Result "1-0"]
[PlyCount "51"]

1. e4 d6 2. d4 Nf6 3. Nc3 g6 4. Bg5 Bg7 5. Qd2 Nc6 6. Nf3 Bd7 7. Bh6 Nh5 8. Bxg7 Nxg7 9. Qh6 Nh5 10. Bc4 Be6 11. d5 Bg4 12. dxc6 Bxf3 13. gxf3 bxc6 14. O-O-O Qd7 15. e5 Qf5 16. exd6 cxd6 17. Rhe1 O-O-O 18. Rxe7 Qxf3 19. Rxf7 Qg4 20. Ba6+ Kb8 21. Rb7+ Ka8 22. Qe3 c5 23. Qe7 Qc8 24. Rxa7+ Kb8 25. Bxc8 Kxc8 26. Qb7# 1-0

[Event "4NCL Online Division 7"]
[Site "online"]
[Date "2021.02.09"]
[EventDate "2021.02.09"]
[Round "2.141"]
[White "Kelmendi, Bajrush"]
[WhiteElo "1951"]
[WhiteTeam "Celtic Tigers Cubs"]
[Black "Tzanidakis, Michail"]
[BlackElo "1670"]
[BlackTeam "Guildford Castles 3"]
[Result "1-0"]
[PlyCount "57"]

1. c4 Nf6 2. Nc3 g6 3. e4 d6 4. d4 Bg7 5. Be2 O-O 6. g4 e5 7. d5 c6 8. g5 Ne8 9. h4 f5 10. h5 fxe4 11. hxg6 Bf5 12. gxh7+ Bxh7 13. Be3 Nd7 14. c5 dxc5 15. dxc6 Nb6 16. cxb7 Qxd1+ 17. Rxd1 Rb8 18. Bxc5 Rf4 19. Bxb6 axb6 20. Bc4+ Kf8 21. Rxh7 e3 22. Bd5 exf2+ 23. Kf1 fxg1=Q+ 24. Kxg1 Rg4+ 25. Kh2 e4 26. Rf1+ Ke7 27. Nxe4 Kd8 28. Rf7 Nd6 29. Rfxg7 1-0

[Event "4NCL Online Division 7"]
[Site "online"]
[Date "2021.02.09"]
[EventDate "2021.02.09"]
[Round "2.142"]
[White "Celebi, Serhan"]
[WhiteElo "1547"]
[WhiteTeam "Guildford Castles 3"]
[Black "White, John"]
[BlackElo "1779"]
[BlackTeam "Celtic Tigers Cubs"]
[Result "0-1"]
[PlyCount "122"]

1. e4 c5 2. Nc3 e6 3. Nf3 a6 4. d4 cxd4 5. Nxd4 d6 6. Be3 Qc7 7. Be2 Nd7 8. Qd2 Ngf6 9. f3 Be7 10. g4 Ne5 11. h4 Nc4 12. Bxc4 Qxc4 13. h5 Nd7 14. Nb3 Qc7 15. O-O-O Ne5 16. Qe2 b5 17. f4 Nc4 18. Bd4 Rg8 19. f5 Bb7 20. fxe6 fxe6 21. Kb1 Rc8 22. a3 e5 23. Be3 Nxa3+ 24. bxa3 Qxc3 25. Bc1 Qc4 26. Rhe1 Qxe2 27. Rxe2 Rf8 28. Rg1 Rf3 29. g5 Kd7 30. Bb2 Rcf8 31. Rd2 Rf1+ 32. Rxf1 Rxf1+ 33. Ka2 Bxg5 34. Rg2 Bh6 35. Nd2 Bxd2 36. Rxd2 Ke6 37. Rg2 Rf7 38. Re2 Rf4 39. Rg2 Kf6 40. Rd2 Ke6 41. Rg2 Bxe4 42. Rxg7 Bxc2 43. Ra7 Ra4 44. Bc3 d5 45. Bb4 d4 46. Kb2 Be4 47. Kb3 Kf6 48. h6 Kg6 49. Bf8 Bd5+ 50. Kc2 Rc4+ 51. Kd2 Rc6 52. Rg7+ Kxh6 53. Rd7+ Kg6 54. Rxd5 Re6 55. Rd7 h5 56. Rg7+ Kf5 57. Rh7 Kg4 58. Rg7+ Kf3 59. Rf7+ Ke4 60. Rh7 Rf6 61. Rxh5 Rxf8 0-1

[Event "4NCL Online Division 7"]
[Site "online"]
[Date "2021.02.09"]
[EventDate "2021.02.09"]
[Round "2.143"]
[White "Kwabiah, C Kenneth"]
[WhiteElo "1518"]
[WhiteTeam "Celtic Tigers Cubs"]
[Black "Garrood, Anthony"]
[BlackElo "1411"]
[BlackTeam "Guildford Castles 3"]
[Result "1/2-1/2"]
[PlyCount "107"]

1. e4 e5 2. f4 exf4 3. Nf3 Be7 4. Bc4 Nf6 5. Nc3 O-O 6. d4 d5 7. exd5 Bd6 8. O-O Bg4 9. Qd3 c5 10. Ne5 cxd4 11. Nxg4 dxc3 12. Nxf6+ Qxf6 13. bxc3 g5 14. Qf3 Nd7 15. Qh3 Ne5 16. Be2 Rac8 17. Bd2 Qg6 18. Bd3 Nxd3 19. cxd3 Rc7 20. Qf3 Re7 21. h3 Rfe8 22. Rae1 Rxe1 23. Rxe1 Rxe1+ 24. Bxe1 Qf5 25. Bf2 b6 26. Bd4 Be5 27. Qe4 Bxd4+ 28. Qxd4 Kf8 29. Qe4 Qd7 30. Kf2 Qe7 31. Kf3 Qd7 32. c4 f5 33. Qe5 Kf7 34. g3 fxg3 35. Qxg3 h6 36. Qe5 Kg6 37. d4 f4 38. Qe6+ Qxe6 39. dxe6 Kf6 40. d5 h5 41. a3 Ke7 42. h4 g4+ 43. Kxf4 Kf6 44. a4 Ke7 45. Kg3 Kd6 46. Kf4 Ke7 47. Ke4 Kf6 48. a5 Ke7 49. axb6 axb6 50. Kf4 Kf6 51. Ke4 Ke7 52. Kf4 Kf6 53. Ke3 Ke7 54. Kf4 1/2-1/2

[Event "4NCL Online Division 7"]
[Site "online"]
[Date "2021.02.09"]
[EventDate "2021.02.09"]
[Round "2.144"]
[White "McCormick, Christopher"]
[WhiteElo "1043"]
[WhiteTeam "Guildford Castles 3"]
[Black "Osseiran, Nadim"]
[BlackElo "1113"]
[BlackTeam "Celtic Tigers Cubs"]
[Result "1-0"]
[PlyCount "35"]

1. c4 c6 2. Nf3 d5 3. cxd5 cxd5 4. d4 Nc6 5. e3 a6 6. a3 b5 7. Bd3 Nf6 8. O-O Bg4 9. Nc3 e6 10. Re1 Bd6 11. e4 dxe4 12. Nxe4 Nxe4 13. Rxe4 Bxf3 14. Qxf3 Nxd4 15. Rxd4 Bxh2+ 16. Kxh2 Qxd4 17. Qxa8+ Ke7 18. Qxh8 1-0

[Event "4NCL Online Division 7"]
[Site "online"]
[Date "2021.02.09"]
[EventDate "2021.02.09"]
[Round "2.151"]
[White "Wedge, David C"]
[WhiteElo "1896"]
[WhiteTeam "Hebden Bridge 2"]
[Black "Badacsonyi, Stanley"]
[BlackElo "1214"]
[BlackTeam "MHJ Knights"]
[Result "1/2-1/2"]
[PlyCount "99"]

1. e4 d5 2. exd5 Qxd5 3. Nc3 Qa5 4. d4 Nf6 5. Bc4 c6 6. Ne2 Bf5 7. O-O e6 8. Ng3 Bg6 9. Qe2 Nbd7 10. Nce4 Nxe4 11. Nxe4 Bxe4 12. Qxe4 Nf6 13. Qf3 Be7 14. c3 O-O 15. Bd3 Rad8 16. Bf4 Nd5 17. Bg3 Rfe8 18. a3 Qb6 19. Rab1 a5 20. c4 Nf6 21. c5 Qa7 22. Be5 Nd7 23. Bc7 Rc8 24. Bf4 e5 25. Qh3 g6 26. Be3 exd4 27. Bxd4 Bxc5 28. Qxd7 Bxd4 29. Bc4 Rf8 30. Bxf7+ Kh8 31. Rbd1 Rcd8 32. Qe7 b5 33. Qxa7 Bxa7 34. Rxd8 Rxd8 35. g3 Rd2 36. Be8 Rc2 37. Kg2 b4 38. axb4 axb4 39. b3 c5 40. Bf7 Bb8 41. Rd1 Be5 42. Bc4 Bd4 43. Rf1 Kg7 44. h4 Kf6 45. Bd3 Rc3 46. Bc4 Ke5 47. Re1+ Kf5 48. f3 Rc2+ 49. Re2 Rxe2+ 50. Bxe2 1/2-1/2

[Event "4NCL Online Division 7"]
[Site "online"]
[Date "2021.02.09"]
[EventDate "2021.02.09"]
[Round "2.152"]
[White "Vera, Louis"]
[WhiteElo "1112"]
[WhiteTeam "MHJ Knights"]
[Black "Allan, John M"]
[BlackElo "1818"]
[BlackTeam "Hebden Bridge 2"]
[Result "1-0"]
[PlyCount "51"]

1. e4 c6 2. Nc3 d5 3. Nf3 Nf6 4. e5 Nfd7 5. d4 e6 6. a3 c5 7. dxc5 Bxc5 8. Bd3 Nc6 9. Bf4 Qb6 10. O-O Bd4 11. Nxd4 Qxd4 12. Bg3 Ndxe5 13. Nb5 Qb6 14. Re1 Nxd3 15. Qxd3 Bd7 16. Nc7+ Ke7 17. Nxd5+ Ke8 18. Nxb6 axb6 19. Rad1 Rd8 20. Bc7 Ke7 21. Qd6+ Ke8 22. Bxd8 f5 23. Qxd7+ Kf8 24. Rxe6 Ne7 25. Qxe7+ Kg8 26. Qe8# 1-0

[Event "4NCL Online Division 7"]
[Site "online"]
[Date "2021.02.09"]
[EventDate "2021.02.09"]
[Round "2.153"]
[White "Blinkhorn, Joshua"]
[WhiteElo "1555"]
[WhiteTeam "Hebden Bridge 2"]
[Black "Qiu, Calvin"]
[BlackElo "932"]
[BlackTeam "MHJ Knights"]
[Result "1-0"]
[PlyCount "45"]

1. e4 e5 2. Nf3 Nc6 3. Bc4 Be7 4. d4 d6 5. h3 Nf6 6. Nc3 Bd7 7. Be3 a6 8. a4 Na5 9. Ba2 b6 10. dxe5 dxe5 11. Nxe5 Bc8 12. Qxd8+ Bxd8 13. Nxf7 Rf8 14. Nxd8 Kxd8 15. O-O-O+ Ke8 16. e5 Nd7 17. Nd5 Ra7 18. Rhe1 Nc6 19. g4 Ndxe5 20. Bd4 Nxd4 21. Rxd4 Kd7 22. Rxe5 Rxf2 23. Nb4# 1-0

[Event "4NCL Online Division 7"]
[Site "online"]
[Date "2021.02.09"]
[EventDate "2021.02.09"]
[Round "2.154"]
[White "Bedretdinov, Rasul"]
[WhiteElo "917"]
[WhiteTeam "MHJ Knights"]
[Black "Sullivan, Terry"]
[BlackElo "1398"]
[BlackTeam "Hebden Bridge 2"]
[Result "0-1"]
[PlyCount "50"]

1. e4 e6 2. d4 d5 3. exd5 exd5 4. Nf3 Bd6 5. Bd3 Ne7 6. O-O O-O 7. Be3 Bf5 8. Ng5 Nd7 9. c4 dxc4 10. Bxc4 Nb6 11. Qb3 Nxc4 12. Qxc4 Nd5 13. Nf3 Re8 14. Re1 Nxe3 15. fxe3 Qe7 16. Nc3 Be6 17. Qd3 f5 18. d5 Bd7 19. Nb5 Bxb5 20. Qxb5 Bc5 21. Kh1 Bxe3 22. Qxb7 Rab8 23. Qa6 Rxb2 24. Nd4 Qe4 25. Qxa7 Qxg2# 0-1

[Event "4NCL Online Division 7"]
[Site "online"]
[Date "2021.02.09"]
[EventDate "2021.02.09"]
[Round "2.161"]
[White "Bingham, James T"]
[WhiteElo "1740"]
[WhiteTeam "Braunstone 2"]
[Black "Badacsonyi, Frankie"]
[BlackElo "1675"]
[BlackTeam "MHJ Bishops"]
[Result "0-1"]
[PlyCount "130"]

1. d4 e6 2. Nf3 Nf6 3. g3 b6 4. Bg2 Bb7 5. c4 Be7 6. Nc3 O-O 7. O-O c5 8. d5 d6 9. a4 h6 10. b3 a6 11. Bb2 b5 12. Qc2 b4 13. Ne4 exd5 14. Nxf6+ Bxf6 15. cxd5 Bxd5 16. Rad1 Bb7 17. Ne5 Bxg2 18. Kxg2 Qe7 19. Nc4 Bxb2 20. Qxb2 Rd8 21. Nb6 Ra7 22. Nd5 Qe6 23. Rd3 Nc6 24. Qd2 Nd4 25. Nf4 Qe4+ 26. f3 Qe5 27. e3 Nf5 28. Re1 Ne7 29. e4 Rb7 30. Nd5 Nxd5 31. Rxd5 Qc3 32. Re3 Qxd2+ 33. Rxd2 f6 34. Red3 Rbd7 35. Kf2 Kf7 36. Ke3 Ke6 37. Rd5 Rc7 38. Kd3 g6 39. f4 f5 40. e5 Kxd5 41. Re2 Re7 42. Kc2 dxe5 43. Rd2+ Ke4 44. Rxd8 Re6 45. fxe5 Kxe5 46. Rd2 g5 47. Re2+ Kf6 48. Rf2 Re4 49. Kd3 Ke5 50. Rc2 Kd5 51. Rf2 Rd4+ 52. Ke3 f4+ 53. gxf4 gxf4+ 54. Ke2 Ke4 55. Rf3 Rd2+ 56. Kxd2 Kxf3 57. Ke1 Kg2 58. h4 f3 59. Kd2 f2 60. Kd3 f1=Q+ 61. Ke4 c4 62. bxc4 Qxc4+ 63. Kf5 Kf3 64. Kg6 Qc5 65. Kxh6 Kg4 0-1